[Event "Bergen Sommer op"]
[Site "Bergen"]
[Date "2017.07.30"]
[Round "5"]
[White "Flatebo, Hallvard Haug"]
[Black "Tjensvoll, Tore"]
[Result "0-1"]
[WhiteElo "1459"]
[BlackElo "1962"]
[PlyCount "80"]
[EventDate "2017.07.28"]
[EventType "swiss"]
[EventRounds "5"]
[EventCountry "NOR"]
[SourceTitle "CBM 179 Extra"]
[Source "ChessBase"]
[SourceDate "2017.08.23"]
[SourceVersion "1"]
[SourceVersionDate "2017.08.23"]
[SourceQuality "1"]

1. d4 Nf6 2. c4 e6 3. Nc3 Bb4 4. e3 0-0 5. Nge2 d5 6. a3 Be7 7. Ng3 Nbd7 8. cxd5 exd5 9. Bd3 c5 10. 0-0 Re8 11. Re1 b6 12. Bd2 Bb7 13. Rc1 g6 14. Nce2 c4 15. Bb1 b5 16. f3 Qb6 17. Kh1 Bd6 18. Nc3 Bc6 19. Re2 a5 20. Qe1 b4 21. axb4 axb4 22. Nd1 Qb7 23. Nf2 Qb8 24. Nh3 Ra7 25. e4 Bxg3 26. hxg3 Nh5 27. Nf4 Ndf6 28. e5 Nxf4 29. gxf4 c3 30. bxc3 Bb5 31. Re3 Nh5 32. g3 b3 33. Bd3 Ra2 34. Rb1 Bxd3 35. Rxd3 Qc8 36. Kh2 Qc4 37. Re3 Ng7 38. Qe2 Rea8 39. Qxc4 dxc4 40. Re2 Rc2 0-1

[Event "Bergen Sommer op"]
[Site "Bergen"]
[Date "2017.07.28"]
[Round "1"]
[White "Ziegler, Lars"]
[Black "Tjensvoll, Tore"]
[Result "0-1"]
[WhiteElo "1622"]
[BlackElo "1962"]
[PlyCount "56"]
[EventDate "2017.07.28"]
[EventType "swiss"]
[EventRounds "5"]
[EventCountry "NOR"]
[SourceTitle "CBM 179 Extra"]
[Source "ChessBase"]
[SourceDate "2017.08.23"]
[SourceVersion "1"]
[SourceVersionDate "2017.08.23"]
[SourceQuality "1"]

1. c4 Nf6 2. g3 e6 3. Nf3 d5 4. d4 c6 5. Nbd2 Bd6 6. Bg2 Nbd7 7. 0-0 0-0 8. Qc2 e5 9. dxe5 Nxe5 10. Nxe5 Bxe5 11. Nf3 Qe7 12. Nxe5 Qxe5 13. Bf4 Qh5 14. Rfd1 Re8 15. e3 Bg4 16. Re1 Rad8 17. cxd5 cxd5 18. Rac1 Ne4 19. Qd3 Re6 20. Qd4 b6 21. Bc7 Rde8 22. Rc2 Ng5 23. Qxd5 Bf3 24. Qd7 Bxg2 25. Kxg2 Qh3+ 26. Kh1 Nf3 27. g4 Nxe1 28. f4 Qf1# 0-1

[Event "Bergen NGP op"]
[Site "Bergen"]
[Date "2013.05.31"]
[Round "2"]
[White "Tjensvoll, Tore"]
[Black "Martinsen, Stig K"]
[Result "0-1"]
[WhiteElo "1873"]
[BlackElo "2135"]
[PlyCount "72"]
[EventDate "2013.05.31"]
[EventType "swiss"]
[EventRounds "5"]
[EventCountry "NOR"]
[SourceTitle "CBM 154 Extra"]
[Source "ChessBase"]
[SourceDate "2013.06.25"]
[SourceVersion "2"]
[SourceVersionDate "2013.06.25"]
[SourceQuality "1"]

1. d4 d6 2. c4 f5 3. g3 Nf6 4. Bg2 g6 5. Nc3 Bg7 6. Nh3 0-0 7. 0-0 Nc6 8. f3 e5 9. d5 Ne7 10. e4 c6 11. Kh1 h6 12. b4 g5 13. Qb3 Kh8 14. Ba3 cxd5 15. exd5 f4 16. g4 e4 17. fxe4 Nxg4 18. Ng1 Ne3 19. Rf2 Ng6 20. Bb2 Ne5 21. c5 g4 22. Nd1 Nxd1 23. Rxd1 Qh4 24. Rc2 f3 25. Bf1 g3 26. Bxe5 g2+ 27. Bxg2 fxg2+ 28. Rxg2 Bxe5 29. Nf3 Qxe4 30. Nxe5 Qxe5 31. Qb2 Qxb2 32. Rxb2 Bg4 33. Rd4 Bf3+ 34. Kg1 Rae8 35. Rdd2 Re1+ 36. Kf2 Re5 0-1

[Event "Stavanger op A"]
[Site "Stavanger"]
[Date "2013.05.??"]
[Round "1"]
[White "Tjensvoll, Tore"]
[Black "Dolzhikova, Olga"]
[Result "1-0"]
[WhiteElo "2005"]
[BlackElo "2286"]
[PlyCount "78"]
[EventDate "2013.05.08"]
[EventType "swiss"]
[EventRounds "6"]
[EventCountry "NOR"]
[SourceTitle "EXT 2024"]
[Source "ChessBase"]
[SourceDate "2023.10.10"]
[SourceVersion "1"]
[SourceVersionDate "2023.10.10"]
[SourceQuality "1"]

1. e4 d5 2. exd5 Qxd5 3. Nc3 Qd6 4. d4 Nf6 5. Bc4 a6 6. Nf3 Nc6 7. h3 b5 8. Bb3 Bb7 9. Be3 g6 10. Ng5 Nd8 11. d5 Bg7 12. Qd3 0-0 13. 0-0 c6 14. Nge4 Nxe4 15. Nxe4 Qe5 16. Nc5 Bc8 17. Rab1 Nb7 18. Rfe1 Qh5 19. Qe4 Na5 20. Qxe7 Nxb3 21. Nxb3 Qxd5 22. c3 a5 23. Rbd1 Qe6 24. Qc7 Be5 25. Qb6 a4 26. Nd4 Qxa2 27. Nxc6 Bg7 28. Bc5 Be6 29. Bxf8 Rxf8 30. Qxb5 Bb3 31. Rb1 Bc4 32. Qb4 Bb3 33. Qc5 Bc2 34. Nb4 Qxb1 35. Rxb1 Bxb1 36. Qa5 Be4 37. Qxa4 Rd8 38. Nc6 Re8 39. Qc4 Bf5 1-0

[Event "NOR-chT West Nord 0910"]
[Site "Norway"]
[Date "2010.02.13"]
[Round "4"]
[White "Tjensvoll, Tore"]
[Black "Moe Nilssen, Nils Erik"]
[Result "0-1"]
[WhiteElo "1881"]
[BlackElo "2043"]
[PlyCount "62"]
[EventDate "2009.11.08"]
[EventType "team-tourn"]
[EventRounds "5"]
[EventCountry "NOR"]
[SourceTitle "EXT 2012"]
[Source "ChessBase"]
[SourceDate "2011.11.24"]
[SourceVersion "1"]
[SourceVersionDate "2011.11.24"]
[SourceQuality "1"]

1. e4 e5 2. Nf3 Nc6 3. Bb5 a6 4. Ba4 Nf6 5. 0-0 Be7 6. Re1 b5 7. Bb3 0-0 8. h3 d5 9. exd5 Nxd5 10. Nc3 Nxc3 11. bxc3 Bf6 12. Bb2 Re8 13. a4 Rb8 14. axb5 axb5 15. d3 Rb6 16. Nh2 Bb7 17. Ng4 Ne7 18. Ne3 Ng6 19. Qh5 Rf8 20. g3 Qd7 21. Ba3 Rd8 22. Kh2 Qc6 23. Bb4 Qd7 24. Ra7 Bc8 25. Nd5 Nh4 26. Nxf6+ Rxf6 27. Bxf7+ Rxf7 28. Qxh4 Rxf2+ 29. Kg1 Rxc2 30. d4 Re8 31. dxe5 Qd2 0-1

[Event "NOR-chT West Nord 0910"]
[Site "Norway"]
[Date "2009.12.06"]
[Round "2"]
[White "Tjensvoll, Tore"]
[Black "Hoel, Jorgen"]
[Result "1-0"]
[WhiteElo "1881"]
[BlackElo "1649"]
[PlyCount "51"]
[EventDate "2009.11.08"]
[EventType "team-tourn"]
[EventRounds "5"]
[EventCountry "NOR"]
[SourceTitle "EXT 2012"]
[Source "ChessBase"]
[SourceDate "2011.11.24"]
[SourceVersion "1"]
[SourceVersionDate "2011.11.24"]
[SourceQuality "1"]

1. e4 c5 2. Nf3 g6 3. d4 cxd4 4. Nxd4 Nc6 5. Be3 Nf6 6. Nc3 Bg7 7. f3 0-0 8. Qd2 d5 9. 0-0-0 e6 10. Kb1 a6 11. g4 Nxd4 12. Bxd4 dxe4 13. g5 Nh5 14. Bxg7 Qxd2 15. Rxd2 e3 16. Bxf8 exd2 17. Bc5 b5 18. Bd3 Bb7 19. Be4 Bxe4 20. Nxe4 Rd8 21. Rd1 Nf4 22. Rxd2 Rc8 23. Nf6+ Kg7 24. Bd4 Nh3 25. Ng4+ Kf8 26. Bf6 1-0

[Event "Bergen Grand Prix"]
[Site "Bergen"]
[Date "2009.11.29"]
[Round "5"]
[White "Kyrkjebo, Erlend"]
[Black "Tjensvoll, Tore"]
[Result "1-0"]
[WhiteElo "1637"]
[BlackElo "1914"]
[PlyCount "89"]
[EventDate "2009.11.27"]
[EventType "swiss"]
[EventRounds "5"]
[EventCountry "NOR"]
[SourceTitle "EXT 2024"]
[Source "ChessBase"]
[SourceDate "2023.10.10"]
[SourceVersion "1"]
[SourceVersionDate "2023.10.10"]
[SourceQuality "1"]

1. e4 c5 2. Nc3 Nc6 3. Bb5 Nd4 4. Bc4 e6 5. Nf3 a6 6. a4 Nc6 7. 0-0 d6 8. Kh1 Nf6 9. d4 cxd4 10. Nxd4 Qc7 11. Nxc6 bxc6 12. Re1 e5 13. f4 Be7 14. f5 a5 15. Bb3 Bb7 16. Qf3 h6 17. Qg3 Bf8 18. Qf3 h5 19. h3 0-0-0 20. Rd1 d5 21. Bg5 Be7 22. Bxf6 Bxf6 23. exd5 e4 24. Qxe4 Rhe8 25. Qf3 h4 26. dxc6 Bxc6 27. Bd5 Bxc3 28. Bxc6 Rxd1+ 29. Rxd1 Re1+ 30. Rxe1 Bxe1 31. Qe4 Qd6 32. Qxe1 Qxc6 33. Qc3 Qxc3 34. bxc3 Kc7 35. Kg1 Kc6 36. Kf2 Kd5 37. Ke3 Ke5 38. c4 Kxf5 39. Kd4 Ke6 40. c5 f5 41. Kc4 g5 42. c6 f4 43. Kb5 g4 44. Kb6 gxh3 45. gxh3 1-0

[Event "Rogaland-ch"]
[Site "Stavanger"]
[Date "2009.10.16"]
[Round "2"]
[White "Hagen, Anders Gjerdrum"]
[Black "Tjensvoll, Tore"]
[Result "1-0"]
[WhiteElo "2048"]
[BlackElo "1980"]
[PlyCount "79"]
[EventDate "2009.10.16"]
[EventType "swiss"]
[EventRounds "5"]
[EventCountry "NOR"]
[SourceTitle "EXT 2012"]
[Source "ChessBase"]
[SourceDate "2011.11.24"]
[SourceVersion "1"]
[SourceVersionDate "2011.11.24"]
[SourceQuality "1"]

1. d4 Nf6 2. c4 c5 3. d5 b5 4. cxb5 a6 5. bxa6 Bxa6 6. g3 g6 7. Bg2 d6 8. b3 Bg7 9. Bb2 0-0 10. Nh3 Nbd7 11. 0-0 Nb6 12. Re1 Rb8 13. e4 Nfd7 14. Bxg7 Kxg7 15. Nd2 Ne5 16. Qc2 Kg8 17. Nf4 Na8 18. Bf1 Qa5 19. Kg2 Bxf1+ 20. Rxf1 Qa6 21. Nf3 Nxf3 22. Kxf3 Rb4 23. Kg2 Rfb8 24. Rab1 Qa3 25. h4 Nc7 26. h5 g5 27. Nh3 h6 28. f4 gxf4 29. Rxf4 Ra8 30. Rb2 Ne8 31. Nf2 Nf6 32. Rf5 Nxe4 33. Qc1 Kg7 34. Kh3 Nxf2+ 35. Rfxf2 Rd4 36. Qf1 Rf8 37. Rbe2 Rxd5 38. Rxe7 Rxh5+ 39. Kg2 Rg5 40. Rfxf7+ 1-0

[Event "Bergen Hordaland op"]
[Site "Bergen"]
[Date "2008.04.04"]
[Round "1"]
[White "Tjensvoll, Tore"]
[Black "Frisvold, Ole Emil"]
[Result "1-0"]
[WhiteElo "1861"]
[BlackElo "1235"]
[PlyCount "63"]
[EventDate "2008.04.04"]
[EventType "swiss"]
[EventRounds "5"]
[EventCountry "NOR"]
[SourceTitle "EXT 2010"]
[Source "ChessBase"]
[SourceDate "2010.11.25"]
[SourceVersion "1"]
[SourceVersionDate "2010.11.25"]
[SourceQuality "1"]

1. e4 c5 2. Nf3 Nc6 3. d4 cxd4 4. Nxd4 Nf6 5. Nc3 e5 6. Ndb5 d6 7. Bg5 a6 8. Na3 b5 9. Nd5 Be7 10. Bxf6 Bxf6 11. c3 0-0 12. Nc2 Bg5 13. a4 bxa4 14. Rxa4 Rb8 15. Ncb4 Nxb4 16. Nxb4 a5 17. Nc6 Qb6 18. Nxb8 Qxb2 19. Bc4 Qxc3+ 20. Kf1 Bg4 21. Qb1 Rc8 22. h3 Bh5 23. Nc6 Bh4 24. Nxa5 Qd2 25. Qe1 Qf4 26. Qe3 Rb8 27. Nb3 Qf6 28. Kg1 Bd1 29. Ra7 h6 30. Rxf7 Qxf7 31. Bxf7+ Kxf7 32. Qa7+ 1-0

[Event "Politiken Cup 28th"]
[Site "Copenhagen"]
[Date "2006.07.27"]
[Round "6"]
[White "Tjensvoll, Tore"]
[Black "Hassan, Omar Elsayed"]
[Result "0-1"]
[WhiteElo "1961"]
[BlackElo "2153"]
[PlyCount "62"]
[EventDate "2006.07.22"]
[EventType "swiss"]
[EventRounds "9"]
[EventCountry "DEN"]
[SourceTitle "CBM 113 Extra"]
[Source "ChessBase"]
[SourceDate "2006.09.14"]
[SourceVersion "1"]
[SourceVersionDate "2006.09.14"]
[SourceQuality "1"]

1. e4 d5 2. exd5 Nf6 3. d4 Bg4 4. f3 Bf5 5. Bd3 Bxd3 6. Qxd3 Nxd5 7. Ne2 Nc6 8. a3 e6 9. c4 Nb6 10. b3 Be7 11. Bb2 Qd7 12. f4 Rd8 13. Nd2 Bh4+ 14. g3 Bf6 15. Nf3 Nxd4 16. Nexd4 c5 17. 0-0-0 0-0 18. Qe4 cxd4 19. Bxd4 Qe7 20. Kb2 a5 21. Ka2 Bxd4 22. Rxd4 a4 23. b4 Rxd4 24. Qxd4 Qc7 25. c5 Rd8 26. cxb6 Qc2+ 27. Qb2 Qe4 28. Qc3 Qe2+ 29. Ka1 h6 30. Re1 Qf2 31. Qe3 Rd1+ 0-1

[Event "Politiken Cup 28th"]
[Site "Copenhagen"]
[Date "2006.07.24"]
[Round "3"]
[White "Holst, Conny"]
[Black "Tjensvoll, Tore"]
[Result "1-0"]
[WhiteElo "2124"]
[BlackElo "1961"]
[PlyCount "49"]
[EventDate "2006.07.22"]
[EventType "swiss"]
[EventRounds "9"]
[EventCountry "DEN"]
[SourceTitle "CBM 113 Extra"]
[Source "ChessBase"]
[SourceDate "2006.09.14"]
[SourceVersion "1"]
[SourceVersionDate "2006.09.14"]
[SourceQuality "1"]

1. d4 Nf6 2. c4 e6 3. Nc3 Bb4 4. e3 b6 5. Bd3 Bb7 6. Nf3 Ne4 7. 0-0 f5 8. Nd2 Nxd2 9. Bxd2 0-0 10. e4 fxe4 11. Nxe4 Bxd2 12. Qxd2 Qh4 13. Rae1 Nc6 14. Bb1 g6 15. f4 Rae8 16. Ng5 Qg4 17. h3 Qh5 18. d5 Na5 19. dxe6 dxe6 20. Rxe6 Rd8 21. Qe2 Nc6 22. Rxc6 Bxc6 23. Qe6+ Kh8 24. Qxc6 Rd2 25. Qxc7 1-0

[Event "NOR-chB op"]
[Site "Oslo"]
[Date "2006.04.16"]
[Round "8"]
[White "Tjensvoll, Tore"]
[Black "Omtvedt, Per"]
[Result "1-0"]
[WhiteElo "1961"]
[BlackElo "2138"]
[PlyCount "43"]
[EventDate "2006.04.12"]
[EventType "swiss"]
[EventRounds "9"]
[EventCountry "NOR"]
[SourceTitle "CBM 111 Extra"]
[Source "ChessBase"]
[SourceDate "2006.05.09"]
[SourceVersion "1"]
[SourceVersionDate "2006.05.09"]
[SourceQuality "1"]

1. e4 c5 2. Nf3 d6 3. d4 cxd4 4. Nxd4 Nf6 5. Nc3 a6 6. f4 e5 7. Nf3 Nbd7 8. a4 Be7 9. Bd3 Qc7 10. 0-0 exf4 11. Bxf4 0-0 12. Qd2 Nc5 13. e5 dxe5 14. Bxe5 Qc6 15. Nd4 Qb6 16. Rxf6 gxf6 17. Nd5 Qd8 18. Nxe7+ Qxe7 19. Qh6 Nxd3 20. Bxf6 Qxf6 21. Qxf6 Nxb2 22. Ra3 1-0

[Event "NOR-chB op"]
[Site "Oslo"]
[Date "2006.04.15"]
[Round "6"]
[White "Tjensvoll, Tore"]
[Black "Hobber, Anders"]
[Result "1-0"]
[WhiteElo "1961"]
[BlackElo "1926"]
[PlyCount "57"]
[EventDate "2006.04.12"]
[EventType "swiss"]
[EventRounds "9"]
[EventCountry "NOR"]
[SourceTitle "CBM 111 Extra"]
[Source "ChessBase"]
[SourceDate "2006.05.09"]
[SourceVersion "1"]
[SourceVersionDate "2006.05.09"]
[SourceQuality "1"]

1. e4 e5 2. Nf3 Nc6 3. Bb5 a6 4. Ba4 Nf6 5. 0-0 Be7 6. Re1 b5 7. Bb3 d6 8. c3 0-0 9. h3 Na5 10. Bc2 c5 11. d4 exd4 12. cxd4 Nd7 13. Nc3 Nc6 14. Nd5 Nb6 15. a4 Nxd5 16. exd5 Nb4 17. axb5 Nxc2 18. Qxc2 Bb7 19. dxc5 Bxd5 20. c6 Bf6 21. c7 Qd7 22. b6 Rae8 23. Bf4 Bxf3 24. gxf3 Rc8 25. Qd3 Qxh3 26. Bxd6 Qd7 27. Rad1 Rfe8 28. Rxe8+ Rxe8 29. b7 1-0

[Event "NOR-chB op"]
[Site "Oslo"]
[Date "2006.04.14"]
[Round "5"]
[White "Tjoelsen, Katrine"]
[Black "Tjensvoll, Tore"]
[Result "1-0"]
[WhiteElo "1727"]
[BlackElo "1961"]
[PlyCount "65"]
[EventDate "2006.04.12"]
[EventType "swiss"]
[EventRounds "9"]
[EventCountry "NOR"]
[SourceTitle "CBM 111 Extra"]
[Source "ChessBase"]
[SourceDate "2006.05.09"]
[SourceVersion "1"]
[SourceVersionDate "2006.05.09"]
[SourceQuality "1"]

1. a3 g6 2. g3 Bg7 3. Bg2 d5 4. Nf3 c5 5. 0-0 Nc6 6. d3 e6 7. c3 Bd7 8. e4 Nge7 9. Qc2 0-0 10. Nbd2 a5 11. b3 b5 12. Rb1 Qc8 13. Bb2 Qa6 14. c4 bxc4 15. dxc4 dxc4 16. Bxg7 Kxg7 17. Nxc4 a4 18. bxa4 Nd4 19. Nxd4 cxd4 20. Nb6 Bxa4 21. Qc5 Ra7 22. Rb4 Bc6 23. Qxd4+ f6 24. a4 Rb8 25. Rfb1 Rab7 26. Qc5 Qd3 27. Bf1 Qa3 28. a5 Bxe4 29. R1b3 Qa2 30. a6 Ra7 31. Nd7 Rxd7 32. Rxb8 Nf5 33. Qf8# 1-0

[Event "NOR-chB op"]
[Site "Oslo"]
[Date "2006.04.13"]
[Round "2"]
[White "Tjensvoll, Tore"]
[Black "Aarnes, Carl Christian"]
[Result "1-0"]
[WhiteElo "1961"]
[BlackElo "1478"]
[PlyCount "81"]
[EventDate "2006.04.12"]
[EventType "swiss"]
[EventRounds "9"]
[EventCountry "NOR"]
[SourceTitle "CBM 111 Extra"]
[Source "ChessBase"]
[SourceDate "2006.05.09"]
[SourceVersion "1"]
[SourceVersionDate "2006.05.09"]
[SourceQuality "1"]

1. e4 d5 2. exd5 Qxd5 3. Nc3 Qa5 4. d4 Nf6 5. Nf3 Bf5 6. Bc4 e6 7. Bd2 c6 8. Nd5 Qd8 9. Nxf6+ gxf6 10. Bb3 Rg8 11. Qe2 Bg4 12. 0-0-0 Na6 13. h3 Bxf3 14. Qxf3 Nc7 15. Rhe1 Qd7 16. Bf4 Nd5 17. Bg3 Bh6+ 18. Kb1 Bg7 19. c4 Ne7 20. Qh5 Rh8 21. Ba4 Kf8 22. Bf4 Ng6 23. Bh6 Qe7 24. d5 cxd5 25. cxd5 Rd8 26. dxe6 fxe6 27. Rxd8+ Qxd8 28. Rd1 Qc8 29. Bxg7+ Kxg7 30. Rd7+ Kg8 31. Qh6 Qf8 32. Qd2 Qc5 33. Rxb7 Qd5 34. Qxd5 exd5 35. Bb3 Nf4 36. Rxa7 Kf8 37. a4 Rg8 38. Ra8+ Kf7 39. Rxg8 Kxg8 40. a5 Nd3 41. a6 1-0

[Event "NOR-chB op"]
[Site "Oslo"]
[Date "2006.04.12"]
[Round "1"]
[White "Haug, Rolf"]
[Black "Tjensvoll, Tore"]
[Result "0-1"]
[WhiteElo "1336"]
[BlackElo "1961"]
[PlyCount "82"]
[EventDate "2006.04.12"]
[EventType "swiss"]
[EventRounds "9"]
[EventCountry "NOR"]
[SourceTitle "CBM 111 Extra"]
[Source "ChessBase"]
[SourceDate "2006.05.09"]
[SourceVersion "1"]
[SourceVersionDate "2006.05.09"]
[SourceQuality "1"]

1. e4 c5 2. d4 cxd4 3. c3 d5 4. exd5 Qxd5 5. Nf3 Bg4 6. Be2 Nf6 7. 0-0 e6 8. cxd4 Be7 9. Nc3 Qa5 10. Qb3 Qb4 11. Qxb4 Bxb4 12. Bb5+ Ke7 13. Ne5 Bh5 14. Bg5 h6 15. Be3 Rd8 16. Rac1 Nbd7 17. Nxd7 Nxd7 18. Ne4 Rac8 19. a3 Ba5 20. b4 Bc7 21. Bxd7 Rxd7 22. Nc5 Rd5 23. Nxb7 g5 24. Rc6 Bxh2+ 25. Kxh2 Rxc6 26. Nc5 e5 27. dxe5 Rxe5 28. Bd4 Re2 29. b5 Rc7 30. a4 Kd6 31. Na6 Rc4 32. Bxa7 Ra2 33. Bb8+ Kd7 34. Be5 Raxa4 35. Nb8+ Kc8 36. Nc6 Be2 37. Re1 Rh4+ 38. Kg1 Bxb5 39. Ne7+ Kd7 40. Bg3 Rhe4 41. Rd1+ Kxe7 0-1

[Event "Sotra Hostturneringen"]
[Site "Sotra"]
[Date "2005.10.27"]
[Round "7"]
[White "Blom, Geir"]
[Black "Tjensvoll, Tore"]
[Result "0-1"]
[WhiteElo "1251"]
[BlackElo "1876"]
[PlyCount "77"]
[EventDate "2005.08.25"]
[EventType "swiss"]
[EventRounds "9"]
[EventCountry "NOR"]
[SourceTitle "EXT 2007"]
[Source "ChessBase"]
[SourceDate "2006.11.23"]
[SourceVersion "1"]
[SourceVersionDate "2006.11.23"]
[SourceQuality "1"]

1. e4 c5 2. Nf3 d6 3. Nc3 Nf6 4. d4 cxd4 5. Nxd4 a6 6. Bg5 e6 7. f4 Be7 8. Qf3 Qc7 9. 0-0-0 Nbd7 10. g4 b5 11. Bxf6 Nxf6 12. g5 Nd7 13. Rg1 Nc5 14. Bd3 Bd7 15. f5 0-0-0 16. f6 gxf6 17. gxf6 Bf8 18. Qh5 b4 19. Nce2 Qb6 20. Kb1 a5 21. Bc4 Nxe4 22. Qxf7 d5 23. Bd3 Nc3+ 24. Ka1 Nxd1 25. Rxd1 Bd6 26. Qh5 Kb8 27. Bxh7 Qc7 28. f7 Be5 29. Nf3 Bf6 30. Qg6 Be7 31. Bg8 Bf8 32. h4 Rh6 33. Qd3 Qb6 34. Ned4 Kb7 35. Re1 a4 36. Rh1 Bg7 37. Ne2 a3 38. c3 bxc3 39. b3 0-1